Природные богатства соды и других солей в Славгородском округе; Жизнь Сибири; № 1

Podrobná bibliografie
Parent link:Жизнь Сибири
№ 1.— 1928.— С. 45-51
Hlavní autor: Кучин М. И.
Jazyk:ruština
Vydáno: 1928
Témata:
Médium: MixedMaterials Kapitola
KOHA link:https://koha.lib.tpu.ru/cgi-bin/koha/opac-detail.pl?biblionumber=591741

MARC

LEADER 00000naa0a2200000 4500
001 591741
005 20250108155635.0
035 |a (RuTPU)RU\TPU\tpu\2426 
035 |a TPU00002426 
090 |a 591741 
100 |a 20011210d1928 k||y0rusy50 ca 
101 0 |a rus 
102 |a RU 
200 1 |a Природные богатства соды и других солей в Славгородском округе  |f М. И. Кучин 
461 |t Жизнь Сибири 
463 |t № 1  |v С. 45-51  |d 1928 
610 1 |a геолого-географические науки 
610 1 |a труды учёных ТПУ 
700 1 |a Кучин  |b М. И. 
801 0 |a RU  |b 63413507  |c 20011210  |g PSBO 
801 2 |a RU  |b 63413507  |c 20060607  |g PSBO 
942 |c CR